000 00559nam a22001577a 4500
003 OSt
005 20151103143521.0
008 151103b xxu||||| |||| 00| 0 eng d
040 _cRUA
082 _aFOR អ៊ុក 1992 B117 Or.1
100 _93265
_aអ៊ុក តូណា
245 _aការស្រោចស្រង់ធនធានព្រៃឈើ ក្រោយសង្គ្រា​មនៅក្នុងខេត្តកំពង់ស្ពឺ
260 _aPhnom Penh
_bRUA
_c1992
300 _a77p.
_bill.
_c29cm.
942 _2ddc
_cFOR
999 _c3047
_d3047